Ochrana životného prostredia v cestovnom ruchu, lokálne a sezónne problémy bakalárska práca

Saved in:
Bibliographic Details
Main Author: Gulyás, Katarína Emma
Corporate Author: Obchodná fakulta EU. Katedra cestovného ruchu
Other Authors: Kubíková, Ľubomíra, 1996-
Format: Book
Language:Slovak
Published: Bratislava 2024
Tags: Add Tag
No Tags, Be the first to tag this record!

MARC

LEADER 00000nbm a2200000 4500
001 0302189
005 20250812105013.3
041 0 |a slo 
044 |a SK 
245 1 0 |a Ochrana životného prostredia v cestovnom ruchu, lokálne a sezónne problémy  |b bakalárska práca  |c Katarína Emma Gulyás ; školiteľ: Ľubomíra Kubíková 
264 1 |a Bratislava  |c 2024 
300 |a 64 s. 
100 1 |a Gulyás, Katarína Emma 
700 1 |a Kubíková, Ľubomíra, 1996- 
710 2 |a Obchodná fakulta EU. Katedra cestovného ruchu